<?xml version="1.0" encoding="UTF-8"?><?xml-stylesheet type="text/xsl" href="static/style.xsl"?><OAI-PMH xmlns="http://www.openarchives.org/OAI/2.0/" xmlns:xsi="http://www.w3.org/2001/XMLSchema-instance" xsi:schemaLocation="http://www.openarchives.org/OAI/2.0/ http://www.openarchives.org/OAI/2.0/OAI-PMH.xsd"><responseDate>2026-06-06T19:09:00Z</responseDate><request verb="GetRecord" identifier="oai:riuma.uma.es:10630/7927" metadataPrefix="marc">https://riuma.uma.es/rest/oai/request</request><GetRecord><record><header><identifier>oai:riuma.uma.es:10630/7927</identifier><datestamp>2026-02-03T12:55:35Z</datestamp><setSpec>com_10630_4717</setSpec><setSpec>com_10630_3139</setSpec><setSpec>com_10630_10</setSpec><setSpec>col_10630_7899</setSpec></header><metadata><record xmlns="http://www.loc.gov/MARC21/slim" xmlns:dcterms="http://purl.org/dc/terms/" xmlns:doc="http://www.lyncode.com/xoai" xmlns:xsi="http://www.w3.org/2001/XMLSchema-instance" xsi:schemaLocation="http://www.loc.gov/MARC21/slim http://www.loc.gov/standards/marcxml/schema/MARC21slim.xsd">
   <leader>00925njm 22002777a 4500</leader>
   <datafield ind2=" " ind1=" " tag="042">
      <subfield code="a">dc</subfield>
   </datafield>
   <datafield ind2=" " ind1=" " tag="720">
      <subfield code="a">Fernández Souto, Ana Belén</subfield>
      <subfield code="e">author</subfield>
   </datafield>
   <datafield ind2=" " ind1=" " tag="720">
      <subfield code="a">Vázquez Gestal, Montse</subfield>
      <subfield code="e">author</subfield>
   </datafield>
   <datafield ind2=" " ind1=" " tag="260">
      <subfield code="c">2014-05-30</subfield>
   </datafield>
   <datafield ind2=" " ind1=" " tag="520">
      <subfield code="a">Presentamos un estudio que pretende hacer una radiografía sobre el estado actual de la&#xd;
profesión de las Relaciones Públicas actual en el contexto institucional gallego.&#xd;
Para ello, se estudiará el trabajo de RRPP que se desarrolla desde los Ayuntamientos y el&#xd;
papel que juegan los profesionales de este ámbito, así como sus principales funciones,&#xd;
muchas veces alejadas de las propias de un Relaciones Públicas y otras, en cambio,&#xd;
restringidas única y exclusivamente a las de periodista u organizador de eventos.&#xd;
En este sentido, el trabajo aportará datos referentes a la formación originaria de los&#xd;
profesionales responsables de la comunicación en los Ayuntamientos más importantes de&#xd;
Galicia, así como la importancia que desde estas organizaciones institucionales se le concede&#xd;
al puesto de dirección de comunicación.</subfield>
   </datafield>
   <datafield ind1="8" ind2=" " tag="024">
      <subfield code="a">2174-3681</subfield>
   </datafield>
   <datafield ind1="8" ind2=" " tag="024">
      <subfield code="a">http://hdl.handle.net/10630/7927</subfield>
   </datafield>
   <datafield tag="653" ind2=" " ind1=" ">
      <subfield code="a">Relaciones Públicas</subfield>
   </datafield>
   <datafield ind2="0" ind1="0" tag="245">
      <subfield code="a">El profesional de las Relaciones Públicas en Galicia: el caso de los principales ayuntamientos gallegos</subfield>
   </datafield>
</record>
</metadata></record></GetRecord></OAI-PMH>